Praktické poznatky a skúsenosti v sušiarenstve s využitím modernej meracej a regulačnej techniky

Bibliographic Details
Main Author: Vodička, Jiří (Author)
Format: Article
Language:Slovak
PhysicalDescription:Obr. 6
ISBN:8022803278
Subjects:

MARC

LEADER 00000nab a2200000 a 4500
001 vtls000570803
003 SK-MaSNL
005 20260303223304.0
008 120929c1994 xo 0 slo
015 |a SNBRA19rr/mm-uuuuu 
035 |a CL0570941 
040 |a SNKBUCL  |b slo  |c SNKBUCL  |e AACR2 
041 0 |a slo 
044 |a xo  |c SK 
080 |a 674.047:536.5  |2 1981 
080 |a 536.5  |2 1981 
100 1 |a Vodička, Jiří  |4 aut  |9 1257665 
245 1 0 |a Praktické poznatky a skúsenosti v sušiarenstve s využitím modernej meracej a regulačnej techniky  |c Jiří Vodička 
300 |b Obr. 6 
650 0 7 |a sušenie dreva  |2 snkbucl  |9 51313 
650 0 7 |a meracia technika  |2 snkbucl  |9 882 
650 0 7 |a regulačná technika  |2 snkbucl  |9 67888 
655 7 |a články zo zborníkov  |2 snkbucl  |9 166140 
773 0 |t Aplikácie meracej a regulačnej techniky pri sušení dreva  |d Zvolen : Technická univerzita, 1994  |g S. 125-129  |z 8022803278 
850 |a Slovenská národná knižnica v Martine  |a MTA001 
852 |a SNK  |b KIS3GCP 
958 |a RK 
992 |a RZB 
999 |c 2247021  |d 2248951